| 000 | 00825nam a2200229 a 4500 | ||
|---|---|---|---|
| 999 |
_c6376 _d6376 |
||
| 001 | 6376 | ||
| 003 | BD-JhCC | ||
| 005 | 20180125130239.0 | ||
| 008 | 180122s1987 bg |||| || | 000 0 ben d | ||
| 035 | _a(BD-JhCC)6376 | ||
| 040 |
_aBD-JhCC _dBD-JhCC |
||
| 041 | _aben | ||
| 082 |
_a297 _bAZA 1987 |
||
| 100 | _aআযাদ, মাওলানা আবুল কালাম | ||
| 245 |
_aযে সত্যের মৃত্যু নেই / _cমাওলানা আবুল কালাম আযাদ, আখতার ফারূক (অনুবাদ) |
||
| 260 |
_aঢাকা : _bইসলামিক ফাউন্ডেশন বাংলাদেশ, _c1987 |
||
| 300 |
_a363 p. : _c24 cm. |
||
| 650 | _aIslam | ||
| 700 | _aফারূক, আখতার | ||
| 942 |
_2ddc _cBK |
||